| 000 | 00994cab a2200181 4500 | ||
|---|---|---|---|
| 001 | ##L133521 | ||
| 008 | 060516n2005 000 0 eng u | ||
| 035 | _a(Sirsi) u133521 | ||
| 041 | 0 | _aeng | |
| 100 | 1 | _aDuncan, Bryan | |
| 245 | 0 | 0 | _aAnnual review of UK shopping-centre performance 2005 |
| 260 | _c2005 | ||
| 490 | 0 |
_aJournal of Retail and Leisure Property _v5(1) December 2005, 49-69(21) |
|
| 520 | _aSummarises the performance of rental value and capital value growth, equivalent yields and total returns, puts the review in the context of 2004 performance, and looks at shopping-centre investment. Considers whether, with yield compression disappearing, there is enough in the pipeline to deliver total returns through improvements and developments. Examines asset management performance, and compares specialist and generalist funds. | ||
| 651 | 4 |
_aUnited Kingdom _y |
|
| 690 | _aPROPERTY-COMMERCIAL PROPERTY-RETAIL PROPERTY-SHOPPING CENTRE, MALL AND ARCADE PROPERTY | ||
| 942 | _n0 | ||
| 999 |
_c77058 _d77058 |
||